000 00507nab a2200145Ia 4500
003 ES-SlBCS
005 20210601123903.0
008 140529s1992 xxu||||| |||| 00| 0 eng d
041 _aeng
100 1 _aDrummond, John J.
_948712
245 0 0 _aEdmund Husserl's Reformation of Philosophy: Premodern, Modern, Postmodern?
_c John J. Drummond
600 1 _aHusserl, Edmund-Filosofía
_9131443
773 0 _tAmerican Catholic Philosophical Quarterly
_gvol. 66, nº. 2, 1992, págs. 135-154
_wRev1385
942 _cAR
999 _c505716
_d505716